Normal view
MARC view
- Contagion (Social psychology)
Entry Topical Term
001 - CONTROL NUMBER
- control field: 51773
003 - CONTROL NUMBER IDENTIFIER
- control field: NUST
005 - DATE AND TIME OF LATEST TRANSACTION
- control field: 20210314135053.0
008 - FIXED-LENGTH DATA ELEMENTS
- fixed length control field: 210314|| aca||aabn | a|a d
040 ## - CATALOGING SOURCE
- Original cataloging agency: NUST
- Transcribing agency: NUST
150 ## - HEADING--TOPICAL TERM
- Topical term or geographic name entry element: Contagion (Social psychology)
670 ## - SOURCE DATA FOUND
- Source citation: Work cat.: (NUST): Gladwell, Malcolm, 14256, The tipping point :, c2000.
